000 00329 a2200157 4500
001 58298
020 _a8508045190
040 _cAnchieta - Pituba
100 _aBarreto, Lima
240 1 0 _aClara dos Anjos
_lpor
245 1 0 _aClara dos Anjos
300 _a133
362 0 _a1997
650 4 _aFicção brasileira
942 _cBK
999 _c58298
_d58298